[Event "XIV C.to Italiano a Squadre A"]
[Site "Milan"]
[Date "1974.10.??"]
[Round "?"]
[White "Paoli, Enrico"]
[Black "Cappello, Guido"]
[Result "1/2-1/2"]
[WhiteElo "2280"]
[BlackElo "2270"]
[PlyCount "84"]
[EventDate "1974.10.31"]
[EventType "tourn"]
[EventRounds "3"]
[EventCountry "ITA"]
[SourceDate "2005.09.12"]

1. e4 e5 2. Nf3 Nc6 3. Bc4 Nf6 4. Ng5 d5 5. exd5 b5 6. Bf1 h6 7. Nf3 Qxd5 8.
Nc3 Qe6 9. Bxb5 Bb7 10. Qe2 O-O-O 11. d3 g5 12. Be3 g4 13. Nd2 Nd7 14. O-O-O f5
15. Kb1 Bg7 16. Nb3 a6 17. Bc4 Qd6 18. f3 Nd4 19. Qf2 gxf3 20. g3 Nb6 21. Na5
Nxc4 22. Nxc4 Qg6 23. Na5 Qb6 24. Nxb7 Qxb7 25. Rhe1 e4 26. Bc1 Rhe8 27. g4
fxg4 28. Rxe4 Ne2 29. Nxe2 Rxe4 30. Ng3 Bd4 31. Qd2 Be3 32. Qc3 Bd4 33. Qd2 Re7
34. Qf4 Kb8 35. Nf5 Rf7 36. Qxg4 Qc8 37. Nxh6 Qxg4 38. Nxg4 f2 39. Rf1 Rg8 40.
h3 Rh8 41. c3 Bb6 42. d4 Rxh3 1/2-1/2

[Event "XIV C.to Italiano a Squadre A"]
[Site "Milan"]
[Date "1974.10.??"]
[Round "?"]
[White "Tatai, Stefano"]
[Black "Mariotti, Sergio"]
[Result "0-1"]
[WhiteElo "2430"]
[BlackElo "2465"]
[PlyCount "109"]
[EventDate "1974.10.31"]
[EventType "tourn"]
[EventRounds "3"]
[EventCountry "ITA"]
[SourceDate "2005.09.12"]

1. e4 c5 2. Nf3 a6 3. c3 e6 4. d4 cxd4 5. cxd4 d5 6. exd5 exd5 7. Nc3 Nf6 8.
Bg5 Be7 9. Qb3 O-O 10. Be2 Nc6 11. O-O Na5 12. Qc2 h6 13. Bh4 Be6 14. Rac1 Rc8
15. Qb1 b5 16. Bd3 Nc4 17. Rfe1 Qa5 18. Ne2 Bg4 19. Ne5 Bxe2 20. Rxe2 Rc7 21.
Bg3 Nxe5 22. Rxc7 Qxc7 23. Bxe5 Qa7 24. Bf5 Ne8 25. Qd3 Bf6 26. Qa3 g6 27. Bd3
Bxe5 28. dxe5 Ng7 29. Rc2 Ne6 30. Rc6 Nd4 31. Rc1 Qb8 32. Qxa6 Qxe5 33. Rd1 Kg7
34. Bxb5 Rb8 35. a4 Nxb5 36. axb5 Qxb2 37. Qd6 Rxb5 38. h4 Qf6 39. Qg3 h5 40.
Qd3 Rb2 41. Qe3 Ra2 42. g3 Ra1 43. Rxa1 Qxa1+ 44. Kg2 Qf6 45. Qd3 Qe5 46. Qd2
Qe4+ 47. f3 Qc4 48. Qe3 d4 49. Qe5+ Kh7 50. Kf2 Qc2+ 51. Ke1 d3 52. Qe3 Qg2 53.
f4 Qc2 54. Qd2 Kg7 55. Qxc2 0-1

[Event "XII Mogliano Scacchi Magistrale"]
[Site "Mogliano Veneto"]
[Date "1991.??.??"]
[Round "?"]
[White "Deev, Andrei"]
[Black "Vujovic, Milorad"]
[Result "1-0"]
[WhiteElo "2435"]
[BlackElo "2315"]
[PlyCount "71"]
[EventDate "1991.??.??"]
[EventType "tourn"]
[EventRounds "4"]
[EventCountry "ITA"]
[SourceDate "2005.09.12"]

1. e4 c5 2. Nf3 d6 3. c3 Nf6 4. h3 Nc6 5. d4 cxd4 6. cxd4 Nxe4 7. d5 Qa5+ 8.
Nc3 Nb8 9. Be2 Nxc3 10. bxc3 e6 11. dxe6 Bxe6 12. O-O Be7 13. Nd4 Nd7 14. Bb5
O-O-O 15. Rb1 Nc5 16. Qf3 Qxa2 17. Be3 Qd5 18. Qd1 Qe4 19. Be2 Qg6 20. Bf3 Rd7
21. Nxe6 Qxe6 22. Re1 Qc4 23. Bxc5 Qxc5 24. Rxb7 Bh4 25. Rb2 Kc7 26. Rb7+ Kc8
27. Rb2 Kc7 28. Qb1 d5 29. c4 Rb8 30. Ree2 Rxb2 31. Rxb2 Bf6 32. Rb8 dxc4 33.
Bg4 c3 34. Qb7+ Kd6 35. Qxd7+ Ke5 36. Qb5 1-0

[Event "XII Mogliano Scacchi Magistrale"]
[Site "Mogliano Veneto"]
[Date "1991.??.??"]
[Round "2"]
[White "Santolini, Luigi"]
[Black "Ruggeri, Pietro"]
[Result "1-0"]
[WhiteElo "2235"]
[BlackElo "1939"]
[PlyCount "53"]
[EventDate "1991.??.??"]
[EventType "tourn"]
[EventRounds "4"]
[EventCountry "ITA"]
[SourceDate "2005.09.12"]

1. d4 Nf6 2. c4 g6 3. Nc3 Bg7 4. e4 d6 5. Nf3 O-O 6. Be2 Nc6 7. d5 Nb8 8. O-O
a5 9. Qc2 Na6 10. a3 Bd7 11. Be3 c5 12. Ne1 Rb8 13. Nd3 Qe8 14. Rab1 Nc7 15. b4
axb4 16. axb4 b6 17. b5 Qc8 18. h3 Qb7 19. f4 Ra8 20. e5 Nfe8 21. g4 Ra5 22.
Ra1 e6 23. Rxa5 bxa5 24. exd6 exd5 25. Nxc5 Qc8 26. dxc7 d4 27. Nd5 1-0

[Event "XII Mogliano Scacchi Magistrale"]
[Site "Mogliano Veneto"]
[Date "1991.??.??"]
[Round "4"]
[White "Rosino, Antonio"]
[Black "Karaklajic, Nikola"]
[Result "1/2-1/2"]
[WhiteElo "2320"]
[BlackElo "2375"]
[PlyCount "85"]
[EventDate "1991.??.??"]
[EventType "tourn"]
[EventRounds "4"]
[EventCountry "ITA"]
[SourceDate "2005.09.12"]

1. e4 e5 2. Nf3 Nc6 3. Bb5 Nf6 4. O-O Nxe4 5. d4 Nd6 6. Bxc6 dxc6 7. dxe5 Nf5
8. Qxd8+ Kxd8 9. Nc3 Ke8 10. b3 a5 11. a4 Ne7 12. Ba3 Bg4 13. Ng5 Rd8 14. f3
Bf5 15. Rf2 Nd5 16. Bxf8 Rxf8 17. Nge4 Ke7 18. f4 Nxc3 19. Nxc3 Rd4 20. Rd1
Rfd8 21. Rxd4 Rxd4 22. h3 h5 23. Kh2 h4 24. g4 hxg3+ 25. Kxg3 g6 26. h4 f6 27.
exf6+ Kxf6 28. Kf3 b6 29. Ke3 Rd8 30. Ne4+ Bxe4 31. Kxe4 Rd1 32. Rh2 Re1+ 33.
Kf3 Rc1 34. Ke4 Kg7 35. h5 gxh5 36. Kf5 Kh6 37. Rg2 h4 38. Rg6+ Kh7 39. Rxc6 h3
40. Rxc7+ Kg8 41. Rc8+ Kg7 42. Rc7+ Kg8 43. Rc8+ 1/2-1/2

[Event "XII Mogliano Scacchi Magistrale"]
[Site "Mogliano Veneto"]
[Date "1991.??.??"]
[Round "5"]
[White "Deev, Andrei"]
[Black "Rosino, Antonio"]
[Result "1/2-1/2"]
[WhiteElo "2435"]
[BlackElo "2320"]
[PlyCount "73"]
[EventDate "1991.??.??"]
[EventType "tourn"]
[EventRounds "4"]
[EventCountry "ITA"]
[SourceDate "2005.09.12"]

1. e4 e5 2. Nf3 Nc6 3. d4 exd4 4. c3 dxc3 5. Nxc3 Bb4 6. Bc4 d6 7. O-O Bxc3 8.
bxc3 Nf6 9. e5 dxe5 10. Ng5 Be6 11. Bxe6 fxe6 12. Qa4 Qd5 13. Rd1 b5 14. Rxd5
bxa4 15. Rc5 Nd8 16. Rxc7 O-O 17. Ba3 Re8 18. c4 h6 19. Nf3 Nf7 20. Rb1 Rab8
21. Rc1 Red8 22. Rxa7 e4 23. Ne1 Rd2 24. Rxa4 Rxa2 25. Bd6 Rbb2 26. Rxa2 Rxa2
27. Bf4 Kf8 28. Rb1 Ra4 29. Rb8+ Ke7 30. Rb7+ Nd7 31. c5 Rc4 32. Be3 Nfe5 33.
Kf1 Ng4 34. Ke2 Nxe3 35. Kxe3 Rxc5 36. Rb4 Nf6 37. Rb7+ 1/2-1/2

[Event "XII Mogliano Scacchi Magistrale"]
[Site "Mogliano Veneto"]
[Date "1991.??.??"]
[Round "5"]
[White "Pastres, Roberto"]
[Black "Vujovic, Milorad"]
[Result "1/2-1/2"]
[WhiteElo "2225"]
[BlackElo "2315"]
[PlyCount "107"]
[EventDate "1991.??.??"]
[EventType "tourn"]
[EventRounds "4"]
[EventCountry "ITA"]
[SourceDate "2005.09.12"]

1. e4 c5 2. Nf3 d6 3. d4 cxd4 4. Nxd4 Nf6 5. Nc3 a6 6. a4 b6 7. g3 Bb7 8. Bg2
e6 9. O-O Qc7 10. g4 h6 11. Nb3 Nbd7 12. f4 Be7 13. Qe2 Rc8 14. g5 hxg5 15.
fxg5 Nh5 16. g6 fxg6 17. Qg4 Nf8 18. Rxf8+ Bxf8 19. Qxe6+ Qe7 20. Qxg6+ Qf7 21.
Qxf7+ Kxf7 22. Be3 Be7 23. Rf1+ Nf6 24. Bxb6 Rh4 25. Nd4 Rch8 26. Nf3 Rg4 27.
Be3 Kg6 28. Nd2 d5 29. Nf3 Rh5 30. h3 Rxg2+ 31. Kxg2 dxe4 32. Nd2 Bc8 33. Rh1
Bb7 34. Nf1 Nd7 35. Ng3 Ra5 36. Nge2 Re5 37. Rd1 Nf6 38. Kh2 Rf5 39. Nf4+ Kf7
40. Nce2 g5 41. Ng2 Nd5 42. Nd4 Rf6 43. Bxg5 Rf2 44. Kg1 e3 45. Nxe3 Nxe3 46.
Bxe3 Rg2+ 47. Kf1 Rh2 48. c3 Bd6 49. Rd2 Rxh3 50. Rf2+ Ke8 51. Ke2 Bg3 52. Rf1
Rh2+ 53. Bf2 Bd5 54. Ke3 1/2-1/2

[Event "XII Mogliano Scacchi Magistrale"]
[Site "Mogliano Veneto"]
[Date "1991.??.??"]
[Round "6"]
[White "Santolini, Luigi"]
[Black "Pastres, Roberto"]
[Result "1-0"]
[WhiteElo "2235"]
[BlackElo "2225"]
[PlyCount "59"]
[EventDate "1991.??.??"]
[EventType "tourn"]
[EventRounds "4"]
[EventCountry "ITA"]
[SourceDate "2005.09.12"]

1. d4 Nf6 2. c4 c5 3. d5 e6 4. Nc3 exd5 5. cxd5 d6 6. e4 g6 7. f4 Bg7 8. Bb5+
Nfd7 9. a4 a6 10. Bd3 Qh4+ 11. g3 Qd8 12. Nf3 Nf6 13. O-O Bh3 14. e5 dxe5 15.
fxe5 Ng4 16. Re1 c4 17. Bf1 Qb6+ 18. Nd4 Bxf1 19. Qxg4 Bd3 20. Qc8+ Qd8 21.
Qxb7 Nd7 22. Nc6 Qb6+ 23. Qxb6 Nxb6 24. Be3 Nd7 25. Bd4 O-O 26. Ne4 f5 27. Ng5
f4 28. Ne6 fxg3 29. hxg3 Rf3 30. Kg2 1-0

[Event "Kval. 1.b liga"]
[Site "Opatija"]
[Date "2012.11.24"]
[Round "1.1"]
[White "Saric, Sinisa"]
[Black "Jakovljevic, Vlado"]
[Result "1/2-1/2"]
[WhiteElo "2412"]
[BlackElo "2411"]
[PlyCount "63"]
[EventDate "2012.11.24"]
[EventType "swiss"]
[EventRounds "3"]
[EventCountry "CRO"]
[SourceDate "2005.09.12"]

1. d4 Nf6 2. c4 e6 3. Nc3 Bb4 4. Qc2 c5 5. dxc5 Qc7 6. Nf3 a6 7. g3 Bxc5 8. Bg2
Be7 9. Bf4 d6 10. b3 b6 11. O-O Bb7 12. Rad1 O-O 13. e4 Nbd7 14. a4 Rfd8 15.
Rfe1 Ne5 16. h3 Rac8 17. Qb1 Nxf3+ 18. Bxf3 Nd7 19. Bg2 Ne5 20. Rc1 Qb8 21. Be3
Nd7 22. Bd4 Bf6 23. Rcd1 Bxd4 24. Rxd4 e5 25. Rd2 Nc5 26. h4 Qc7 27. Bh3 Rb8
28. Qd1 Bc6 29. Re3 a5 30. Kh2 Qe7 31. f3 g6 32. Ne2 1/2-1/2

[Event "Kval. 1.b liga"]
[Site "Opatija"]
[Date "2012.11.24"]
[Round "1.1"]
[White "Jakic, Ivan"]
[Black "Licina, Zoran"]
[Result "1/2-1/2"]
[WhiteElo "2418"]
[BlackElo "2219"]
[PlyCount "42"]
[EventDate "2012.11.24"]
[EventType "swiss"]
[EventRounds "3"]
[EventCountry "CRO"]
[SourceDate "2005.09.12"]

1. e4 e5 2. Nf3 Nf6 3. Nxe5 d6 4. Nf3 Nxe4 5. c4 Nc6 6. d4 d5 7. c5 Bg4 8. Bb5
Qf6 9. h3 Bxf3 10. gxf3 Ng5 11. Bxg5 Qxg5 12. Nc3 Be7 13. Qa4 O-O 14. Bxc6 bxc6
15. Qxc6 Rab8 16. Qxd5 Rfe8 17. Kf1 Rxb2 18. Re1 Qh4 19. Rh2 Kf8 20. Re4 Qh6
21. f4 Rc2 1/2-1/2

[Event "Kval. 1.b liga"]
[Site "Opatija"]
[Date "2012.11.24"]
[Round "1.1"]
[White "Novakovic, Dragan"]
[Black "Petrusic, Toni"]
[Result "1-0"]
[WhiteElo "2296"]
[BlackElo "2240"]
[PlyCount "73"]
[EventDate "2012.11.24"]
[EventType "swiss"]
[EventRounds "3"]
[EventCountry "CRO"]
[SourceDate "2005.09.12"]

1. d4 Nf6 2. Nf3 g6 3. g3 Bg7 4. Bg2 d6 5. O-O O-O 6. c4 Nbd7 7. Nc3 c6 8. e4
e5 9. h3 Qc7 10. Be3 b6 11. Rc1 Bb7 12. b4 exd4 13. Bxd4 Rad8 14. Qc2 Rfe8 15.
Be3 a6 16. Nd2 Re7 17. Rfd1 h6 18. a4 c5 19. Nd5 Nxd5 20. cxd5 a5 21. bxa5 bxa5
22. Nc4 Ne5 23. Nxd6 Rxd6 24. Bxc5 g5 25. Bxd6 Qxd6 26. Qc5 Qf6 27. Qe3 g4 28.
hxg4 Nxg4 29. Qf4 Qg6 30. d6 Rd7 31. Bh3 h5 32. Rc5 Bxe4 33. Rg5 Qe6 34. Rxh5
f5 35. Bxg4 fxg4 36. Re1 Qg6 37. Rg5 1-0

[Event "Kval. 1.b liga"]
[Site "Opatija"]
[Date "2012.11.24"]
[Round "1.1"]
[White "Stipic, Marko"]
[Black "Vernacki, Srdjan"]
[Result "0-1"]
[WhiteElo "2208"]
[BlackElo "2318"]
[PlyCount "60"]
[EventDate "2012.11.24"]
[EventType "swiss"]
[EventRounds "3"]
[EventCountry "CRO"]
[SourceDate "2005.09.12"]

1. g3 c5 2. Bg2 Nf6 3. e4 d6 4. Ne2 e6 5. c3 Be7 6. d4 Nbd7 7. O-O O-O 8. d5
exd5 9. exd5 b5 10. a4 bxa4 11. Qxa4 Nb6 12. Qa2 Bf5 13. Rd1 Qd7 14. c4 a5 15.
Na3 a4 16. Bd2 Ne4 17. Be1 Ng5 18. h4 Bg4 19. hxg5 Bxe2 20. Rd2 Bg4 21. f4 f6
22. gxf6 Bxf6 23. Nb5 Rab8 24. Rf2 Nxc4 25. Qxc4 Qxb5 26. Qxb5 Rxb5 27. Bc3 Ra8
28. Bf1 Rb3 29. Rc2 Bf5 30. Rcc1 Rxb2 0-1

[Event "Kval. 1.b liga"]
[Site "Opatija"]
[Date "2012.11.24"]
[Round "1.1"]
[White "Jovanovic, Milenko"]
[Black "Bubicic, Josip"]
[Result "1/2-1/2"]
[WhiteElo "2182"]
[BlackElo "2065"]
[PlyCount "30"]
[EventDate "2012.11.24"]
[EventType "swiss"]
[EventRounds "3"]
[EventCountry "CRO"]
[SourceDate "2005.09.12"]

1. d4 Nf6 2. Nf3 g6 3. c4 Bg7 4. g3 O-O 5. Bg2 d6 6. O-O Nbd7 7. Nc3 e5 8. e4
Re8 9. h3 exd4 10. Nxd4 Nc5 11. Re1 a5 12. Rb1 a4 13. b4 axb3 14. axb3 c6 15.
Bf4 d5 1/2-1/2

[Event "Kval. 1.b liga"]
[Site "Opatija"]
[Date "2012.11.24"]
[Round "1.1"]
[White "Malesevic, Elvino"]
[Black "Vernacki, Dusko"]
[Result "1/2-1/2"]
[WhiteElo "1891"]
[BlackElo "2129"]
[PlyCount "29"]
[EventDate "2012.11.24"]
[EventType "swiss"]
[EventRounds "3"]
[EventCountry "CRO"]
[SourceDate "2005.09.12"]

1. e4 c6 2. d4 d5 3. e5 g6 4. c3 Bg7 5. Bd3 c5 6. Ne2 Nc6 7. O-O cxd4 8. cxd4
Nh6 9. Nd2 Bf5 10. Nb3 Bxd3 11. Qxd3 e6 12. Ng3 O-O 13. Bd2 Rc8 14. Rac1 Qh4
15. Bc3 1/2-1/2

[Event "Kval. 1.b liga"]
[Site "Opatija"]
[Date "2012.11.24"]
[Round "1.2"]
[White "Jezidzic, Gordan"]
[Black "Nemeth, Miklos"]
[Result "0-1"]
[WhiteElo "2194"]
[BlackElo "2447"]
[PlyCount "80"]
[EventDate "2012.11.24"]
[EventType "swiss"]
[EventRounds "3"]
[EventCountry "CRO"]
[SourceDate "2005.09.12"]

1. d4 Nf6 2. Bg5 e6 3. Nf3 h6 4. Bxf6 Qxf6 5. e3 d6 6. Bd3 g6 7. Nbd2 Bg7 8. c3
O-O 9. Qc2 Qe7 10. h4 c5 11. dxc5 d5 12. e4 Qxc5 13. O-O dxe4 14. Nxe4 Qe7 15.
Rfe1 Nc6 16. Rad1 Ne5 17. Nxe5 Bxe5 18. Ng3 Bxg3 19. fxg3 Kg7 20. Qf2 e5 21.
Qe3 Bg4 22. Be2 $11 Bxe2 23. Rxe2 f6 24. Red2 Rf7 25. Rd6 h5 26. R1d5 b6 27.
Qd3 Re8 28. Rd7 Qe6 29. R7d6 Qg4 30. Qb5 Ree7 31. Kh2 e4 32. Rd4 g5 33. hxg5 h4
34. gxf6+ Rxf6 35. Rxf6 hxg3+ 36. Kg1 Kxf6 37. Rd6+ Kg7 38. Rd5 Qf4 39. Rf5
Qc1+ 40. Qf1 Qe3+ 0-1

[Event "Kval. 1.b liga"]
[Site "Opatija"]
[Date "2012.11.24"]
[Round "1.2"]
[White "Vidovic, Sasa"]
[Black "Crepan, Marjan"]
[Result "1/2-1/2"]
[WhiteElo "2365"]
[BlackElo "2310"]
[PlyCount "27"]
[EventDate "2012.11.24"]
[EventType "swiss"]
[EventRounds "3"]
[EventCountry "CRO"]
[SourceDate "2005.09.12"]

1. b3 d5 2. Bb2 Bf5 3. e3 e6 4. f4 Nd7 5. Nf3 Ngf6 6. Be2 h6 7. O-O c6 8. Ne5
Nxe5 9. fxe5 Ng8 10. Bg4 Ne7 11. Bh5 g6 12. Bf3 h5 13. Nc3 Bg4 14. e4 1/2-1/2

[Event "Kval. 1.b liga"]
[Site "Opatija"]
[Date "2012.11.24"]
[Round "1.2"]
[White "Kukina, Mario"]
[Black "Trbojevic, Mladen"]
[Result "0-1"]
[WhiteElo "2056"]
[BlackElo "2329"]
[PlyCount "62"]
[EventDate "2012.11.24"]
[EventType "swiss"]
[EventRounds "3"]
[EventCountry "CRO"]
[SourceDate "2005.09.12"]

1. d4 Nf6 2. Nf3 g6 3. g3 Bg7 4. Bg2 d5 5. O-O O-O 6. b3 Bf5 7. Bb2 c5 8. c3
cxd4 9. cxd4 Nc6 10. Nc3 Ne4 11. e3 Rc8 12. Nxe4 Bxe4 13. Qd2 Qb6 14. Rfc1 Rfd8
15. Ne1 Bxg2 16. Kxg2 e6 17. Nf3 Bf8 18. h4 h5 19. Qe2 Nb4 20. Bc3 a5 21. Qd2
Bd6 22. Rab1 Rc7 23. a3 Nc6 24. b4 axb4 25. axb4 Qb5 26. Qb2 Rdc8 27. Bd2 Ne7
28. Ne1 Qe2 29. b5 Nf5 30. Rxc7 Rxc7 31. Ba5 Nxe3+ 0-1

[Event "Kval. 1.b liga"]
[Site "Opatija"]
[Date "2012.11.24"]
[Round "1.2"]
[White "Tomasic, Roland"]
[Black "Savic, Miroslav"]
[Result "0-1"]
[WhiteElo "2085"]
[BlackElo "2235"]
[PlyCount "114"]
[EventDate "2012.11.24"]
[EventType "swiss"]
[EventRounds "3"]
[EventCountry "CRO"]
[SourceDate "2005.09.12"]

1. e4 c5 2. f4 Nc6 3. Nf3 g6 4. Bb5 Bg7 5. Bxc6 bxc6 6. O-O Nf6 7. Nc3 O-O 8.
d3 d6 9. h3 h5 10. Qe1 Rb8 11. b3 Nd7 12. Bb2 e5 13. fxe5 Nxe5 14. Na4 Re8 15.
Qf2 Rb7 16. Nxe5 Bxe5 17. Bxe5 Rxe5 18. Qf6 Rbe7 19. Rf2 R5e6 20. Qg5 Re5 21.
Qf6 Rd7 22. Raf1 Qxf6 23. Rxf6 Kg7 24. R1f2 Ree7 25. Kh2 Rd8 26. Kg3 Bf5 27.
R2xf5 gxf5 28. Rxf5 Kg6 29. Kh4 Rh8 30. Rg5+ Kf6 31. Rf5+ Ke6 32. c4 a5 33. Nc3
Ra7 34. g3 Ke7 35. Rg5 Rd7 36. Ne2 a4 37. bxa4 Ra7 38. Nf4 Rxa4 39. Nxh5 Rxa2
40. Kg4 Raa8 41. Kf5 Rag8 42. Nf4 Rxg5+ 43. Kxg5 Rg8+ 44. Kf5 Rxg3 45. h4 Rf3
46. Kg5 Kf8 47. Kf5 Kg7 48. e5 d5 49. Kg4 Re3 50. cxd5 cxd5 51. Kf5 c4 52. Nxd5
Rxd3 53. Nf4 Rd4 54. Ne2 Rxh4 55. Nc3 Rh3 56. Ne2 c3 57. Ke4 c2 0-1

[Event "Kval. 1.b liga"]
[Site "Opatija"]
[Date "2012.11.24"]
[Round "1.2"]
[White "Muslija, Idris"]
[Black "Rubil, Marko"]
[Result "1-0"]
[WhiteElo "2268"]
[BlackElo "2177"]
[PlyCount "121"]
[EventDate "2012.11.24"]
[EventType "swiss"]
[EventRounds "3"]
[EventCountry "CRO"]
[SourceDate "2005.09.12"]

1. e4 e5 2. Nf3 Nc6 3. Bb5 a6 4. Ba4 Nf6 5. O-O Be7 6. Re1 b5 7. Bb3 d6 8. c3
O-O 9. h3 Na5 10. Bc2 c5 11. d4 Qc7 12. Nbd2 Nc6 13. d5 Nd8 14. a4 Rb8 15. axb5
axb5 16. Nf1 Ne8 17. Ng3 g6 18. Nh2 Ng7 19. Rf1 f6 20. f4 exf4 21. Bxf4 Nf7 22.
Nf3 Bd7 23. Qd2 Ra8 24. Ne2 Rfc8 25. Be3 Ne5 26. Nxe5 dxe5 27. b3 Ne8 28. Ng3
Nd6 29. Qf2 Ra7 30. Rfc1 Ne8 31. Bd1 Rca8 32. Rab1 Ra2 33. Qf1 Nd6 34. Bc2 f5
35. exf5 gxf5 36. Nxf5 Nxf5 37. Bxf5 Rf8 38. g4 e4 39. d6 Bxd6 40. Ra1 Rxa1 41.
Rxa1 Bxf5 42. gxf5 Qg7+ 43. Kh1 Qxc3 44. Bh6 Re8 45. Qg2+ Qg3 46. Qxg3+ Bxg3
47. Rg1 Kf7 48. Rxg3 Kf6 49. Rc3 c4 50. bxc4 Rc8 51. c5 Kxf5 52. Be3 Ke5 53.
Rb3 Rb8 54. Rb4 Rf8 55. Kg2 Rf3 56. Bf2 Kf4 57. Rxb5 Rc3 58. Ra5 Rc2 59. Ra4 h5
60. Ra3 h4 61. Kf1 1-0

[Event "Kval. 1.b liga"]
[Site "Opatija"]
[Date "2012.11.24"]
[Round "1.2"]
[White "Horvat, David"]
[Black "Franciskovic, Vinko"]
[Result "1-0"]
[WhiteElo "2184"]
[BlackElo "2113"]
[PlyCount "55"]
[EventDate "2012.11.24"]
[EventType "swiss"]
[EventRounds "3"]
[EventCountry "CRO"]
[SourceDate "2005.09.12"]

1. e4 e5 2. Nf3 Nc6 3. d4 exd4 4. Nxd4 Bc5 5. Nb3 Bb6 6. Nc3 Qf6 7. Qe2 Nge7 8.
Be3 O-O 9. O-O-O d6 10. h4 Be6 11. f3 Bxe3+ 12. Qxe3 Ne5 13. Be2 h5 14. Nd4 Bd7
15. Rhg1 a6 16. g4 N5g6 17. Nf5 Bxf5 18. gxf5 Nxh4 19. Rg5 Rfe8 20. Rdg1 g6 21.
Qf4 Nhxf5 22. exf5 Kf8 23. Ne4 Qe5 24. Qxe5 dxe5 25. fxg6 Nxg6 26. Rxh5 Re6 27.
Bc4 Rb6 28. Rh7 1-0

[Event "Kval. 1.b liga"]
[Site "Opatija"]
[Date "2012.11.25"]
[Round "2.1"]
[White "Jakovljevic, Vlado"]
[Black "Nemeth, Miklos"]
[Result "0-1"]
[WhiteElo "2411"]
[BlackElo "2447"]
[PlyCount "84"]
[EventDate "2012.11.24"]
[EventType "swiss"]
[EventRounds "3"]
[EventCountry "CRO"]
[SourceDate "2005.09.12"]

1. Nf3 Nf6 2. c4 b6 3. g3 Bb7 4. Bg2 e6 5. O-O Be7 6. Nc3 O-O 7. d4 d5 8. cxd5
exd5 9. Qc2 Re8 10. Rd1 Nbd7 11. Bg5 Ne4 12. Bxe7 Qxe7 13. e3 Rad8 14. Rac1 c6
15. a3 Nd6 16. Nd2 Nf6 17. Re1 Nfe4 18. Ncxe4 dxe4 19. b4 h5 20. Nc4 Nxc4 21.
Qxc4 Rd5 22. a4 a6 23. f3 h4 24. fxe4 Rg5 25. e5 hxg3 26. h3 Rg6 27. Rf1 Rf8
28. a5 bxa5 29. bxa5 Bc8 30. Rf4 Rh6 31. Qc5 Qe8 32. Rcf1 Bxh3 33. R1f3 Bxg2
34. Kxg2 Qe6 35. Rxg3 Rb8 36. Rf2 Rb5 37. Qa7 Rb1 38. Qa8+ Kh7 39. Qf8 Qd5+ 40.
Rgf3 Rhh1 41. Kg3 Rbg1+ 42. Rg2 Rh3+ 0-1

[Event "Kval. 1.b liga"]
[Site "Opatija"]
[Date "2012.11.25"]
[Round "2.1"]
[White "Vidovic, Sasa"]
[Black "Jakic, Ivan"]
[Result "1/2-1/2"]
[WhiteElo "2365"]
[BlackElo "2418"]
[PlyCount "81"]
[EventDate "2012.11.24"]
[EventType "swiss"]
[EventRounds "3"]
[EventCountry "CRO"]
[SourceDate "2005.09.12"]

1. b3 e5 2. Bb2 Nc6 3. e3 Nf6 4. Nf3 e4 5. Nd4 Bc5 6. Nf5 O-O 7. g4 d5 8. d4
Bb4+ 9. c3 Bxf5 10. gxf5 Bd6 11. Nd2 Ne7 12. Bh3 Qd7 13. Rg1 Nxf5 14. Qe2 g6
15. O-O-O Rae8 16. Qf1 Kh8 17. Kb1 Qe7 18. c4 c6 19. Qe2 Ng7 20. Rh1 Nfh5 21.
cxd5 cxd5 22. Qb5 Nf6 23. Rc1 Ne6 24. Bg2 a6 25. Qe2 Nd7 26. h4 f5 27. h5 g5
28. h6 g4 29. Rc2 Rc8 30. Nc4 Nf6 31. Ne5 f4 32. Rxc8 Rxc8 33. exf4 Nxf4 34.
Qe3 Nxg2 35. Qg3 Ba3 36. Bxa3 Qxa3 37. Qxg2 Qb4 38. Qg3 Qd2 39. Qh4 Qc2+ 40.
Ka1 Qc3+ 41. Kb1 1/2-1/2

[Event "Kval. 1.b liga"]
[Site "Opatija"]
[Date "2012.11.25"]
[Round "2.1"]
[White "Petrusic, Toni"]
[Black "Trbojevic, Mladen"]
[Result "0-1"]
[WhiteElo "2240"]
[BlackElo "2329"]
[PlyCount "94"]
[EventDate "2012.11.24"]
[EventType "swiss"]
[EventRounds "3"]
[EventCountry "CRO"]
[SourceDate "2005.09.12"]

1. e4 e5 2. Nf3 Nc6 3. Bc4 Bc5 4. b4 Bxb4 5. c3 Be7 6. d4 Na5 7. Be2 exd4 8.
Qxd4 d5 9. exd5 Nf6 10. Qa4+ c6 11. dxc6 Nxc6 12. O-O O-O 13. Rd1 Qa5 14. Qxa5
Nxa5 15. Ba3 Nc6 16. Bxe7 Nxe7 17. c4 Bd7 18. Nc3 Rac8 19. Ne4 Be6 20. Nd6 Rc7
21. Nd4 Nc6 22. Nxe6 fxe6 23. f4 e5 24. f5 Nd4 25. Bf3 Rd7 26. Rxd4 exd4 27.
Nxb7 Rc8 28. c5 Nd5 29. Rc1 Ne7 30. g4 Rdc7 31. a4 Rb8 32. Nd6 a6 33. g5 Rb3
34. Be2 d3 35. Bd1 Rb2 36. f6 gxf6 37. gxf6 Ng6 38. Rc3 Rb1 39. Rxd3 Rxc5 40.
Kf2 Rc6 41. Bf3 Ne5 42. Bd5+ Kf8 43. Rg3 Rc2+ 44. Ke3 Rc3+ 45. Kd4 Rxg3 46.
hxg3 Nd7 47. Ne4 Rd1+ 0-1

[Event "Kval. 1.b liga"]
[Site "Opatija"]
[Date "2012.11.25"]
[Round "2.1"]
[White "Tomasic, Roland"]
[Black "Stipic, Marko"]
[Result "1/2-1/2"]
[WhiteElo "2085"]
[BlackElo "2208"]
[PlyCount "77"]
[EventDate "2012.11.24"]
[EventType "swiss"]
[EventRounds "3"]
[EventCountry "CRO"]
[SourceDate "2005.09.12"]

1. e4 d6 2. d4 Nf6 3. Nc3 c6 4. f4 Qb6 5. e5 Nd5 6. Nxd5 cxd5 7. c3 Bf5 8. Nf3
e6 9. Be2 Nc6 10. O-O Be7 11. Kh1 O-O 12. Qe1 Be4 13. Nd2 Bc2 14. Qg3 Kh8 15.
Bd3 Bxd3 16. Qxd3 Rae8 17. Nf3 Qa6 18. Qxa6 bxa6 19. Bd2 Rc8 20. Rae1 h5 21. g3
g6 22. Kg2 Kg7 23. Re2 Nb8 24. Rc1 Nd7 25. Be3 Nb6 26. b3 a5 27. Rec2 a4 28. c4
dxe5 29. c5 axb3 30. axb3 e4 31. Nd2 Nd7 32. Ra2 Nb8 33. Rxa7 Nc6 34. Ra4 Bf6
35. h3 Rb8 36. g4 hxg4 37. hxg4 Kg8 38. Rca1 Rb4 39. Rxb4 1/2-1/2

[Event "Kval. 1.b liga"]
[Site "Opatija"]
[Date "2012.11.25"]
[Round "2.1"]
[White "Bubicic, Josip"]
[Black "Rubil, Marko"]
[Result "0-1"]
[WhiteElo "2065"]
[BlackElo "2177"]
[PlyCount "46"]
[EventDate "2012.11.24"]
[EventType "swiss"]
[EventRounds "3"]
[EventCountry "CRO"]
[SourceDate "2005.09.12"]

1. e4 e5 2. Bc4 Nf6 3. d4 exd4 4. Nf3 Nc6 5. O-O Bc5 6. e5 d5 7. exf6 dxc4 8.
Re1+ Be6 9. Ng5 Qd5 10. Nc3 Qf5 11. Nce4 Bf8 12. g4 Qd5 13. f4 O-O-O 14. f5 Bd7
15. Bf4 g6 16. Qf3 Kb8 17. Qg3 Rc8 18. Rad1 gxf5 19. gxf5 Rg8 20. h4 h6 21. Re2
Qxf5 22. Rf1 Qb5 23. Rg2 Bf5 0-1

[Event "Kval. 1.b liga"]
[Site "Opatija"]
[Date "2012.11.25"]
[Round "2.1"]
[White "Horvat, David"]
[Black "Malesevic, Elvino"]
[Result "1-0"]
[WhiteElo "2184"]
[BlackElo "1891"]
[PlyCount "45"]
[EventDate "2012.11.24"]
[EventType "swiss"]
[EventRounds "3"]
[EventCountry "CRO"]
[SourceDate "2005.09.12"]

1. e4 e5 2. Nf3 Nc6 3. d4 exd4 4. Nxd4 d6 5. Nc3 Nf6 6. f3 a6 7. Be3 Nxd4 8.
Qxd4 Be7 9. O-O-O c5 10. Qd2 Qc7 11. Bf4 O-O 12. Bxd6 Bxd6 13. Qxd6 Qa5 14. e5
Ne8 15. Qe7 Nc7 16. Bd3 Re8 17. Qh4 g6 18. Ne4 Kg7 19. Qf6+ Kg8 20. Nd6 Rf8 21.
a3 Nb5 22. Be4 Rb8 23. Nxf7 1-0

[Event "Kval. 1.b liga"]
[Site "Opatija"]
[Date "2012.11.25"]
[Round "2.2"]
[White "Saric, Sinisa"]
[Black "Jezidzic, Gordan"]
[Result "1-0"]
[WhiteElo "2412"]
[BlackElo "2194"]
[PlyCount "31"]
[EventDate "2012.11.24"]
[EventType "swiss"]
[EventRounds "3"]
[EventCountry "CRO"]
[SourceDate "2005.09.12"]

1. d4 Nf6 2. c4 e6 3. Nc3 Bb4 4. Qc2 b6 5. e4 Bb7 6. e5 Ne4 7. a3 Bxc3+ 8. bxc3
f5 9. Nh3 g5 10. f3 g4 11. fxe4 Bxe4 12. Qe2 gxh3 13. Qh5+ Kf8 14. Bg5 Qe8 15.
Bh6+ Ke7 16. Qg5+ 1-0